00354nam a22001337a 4500003000900000005001700009008004100026040002300067050001000090082000700100100001700107245008700124526000900211BD-DhUIB20251013164258.0251013b |||||||| |||| 00| 0 eng d aBD-DhUIBcBD-DhUIB a174.4 222 aFryer, Mick. aEthics and organizational leadership:bDeveloping a normal ..../cby Mick, Fryer. aBBA.